000 00302nam a22001337a 4500
008 170930b xxu||||| |||| 00| 0 eng d
020 _a9781582973975
041 _aeng
080 _a37
100 _a47
101 _aEDU
245 _aNOVEL & SHORT STORY WRITER'S MARKET
_cMOSKO, L
942 _2udc
_cBK
999 _c31006
_d31006